[Event "Taastrup 25 Jub"]
[Site "Taastrup"]
[Date "1997.??.??"]
[Round "9"]
[White "Duncan, Christopher R"]
[Black "Hansen, Lars Henrik Bech"]
[Result "1/2-1/2"]
[WhiteElo "2340"]
[BlackElo "2185"]

1.c4 Nf6 2.Nc3 g6 3.e4 d6 4.d4 Bg7 5.Nf3 O-O 6.Be2 e5 7.O-O Nc6 8.d5 Ne7
9.b4 a5 10.bxa5 c5 11.Nd2 Qxa5 12.Qc2 Ne8 13.Nb3 Qd8 14.a4 f5 15.a5 fxe4
16.Nxe4 Bf5 17.Bd3 Bxe4 18.Bxe4 Nf5 19.Bd2 Qh4 20.g3 Qd8 21.Kg2 Qc8 22.Rae1 Nf6
23.f4 Nxe4 24.Rxe4 Nd4 25.Nxd4 exd4 26.Re6 Re8 27.Rfe1 Rxe6 28.Rxe6 Qd7 29.Qe4 Qa4
30.Re7 Rf8 31.Qe6+ Kh8 32.Qd7 Qxc4 33.Rxg7 Qe2+ 34.Kg1 Qd1+ 35.Kg2 Qe2+  1/2-1/2

[Event "EU-ch U18 Girls"]
[Site "Tallinn"]
[Date "1997.??.??"]
[Round "3"]
[White "Nill, Jessica"]
[Black "Kaukal, Terezia"]
[Result "1-0"]
[WhiteElo "2140"]
[BlackElo "2015"]

1.d4 Nf6 2.c4 g6 3.Nc3 Bg7 4.e4 d6 5.Nf3 O-O 6.Be2 e5 7.O-O Nc6 8.d5 Ne7
9.b4 Ne8 10.a4 f5 11.Nd2 f4 12.c5 g5 13.Nc4 Ng6 14.Ba3 Nf6 15.cxd6 cxd6 16.b5 g4
17.Nxd6 f3 18.gxf3 gxf3 19.Bxf3 Bh3 20.Bg2 Bxg2 21.Kxg2 Nf4+ 22.Kh1 N6h5
23.Nf5 Rxf5 24.exf5 Qh4 25.Ne2 Nh3 26.Ng3 N5f4 27.Rc1 Ng5 28.Rc7 e4 29.Rxg7+ Kxg7
30.Qd4+ Kg8 31.Bb2 Qh6 32.Qh8+ Kf7 33.Qxa8 Nf3 34.Qxb7+ Kf8 35.Qg7+ Qxg7
36.Bxg7+ Kxg7 37.d6 Kf6 38.Nxe4+ Kxf5 39.d7 Ne6 40.Nc5 Nd8 41.a5 Ne5 42.a6 Nc4
43.Nb7  1-0

[Event "EU-ch U18 Girls"]
[Site "Tallinn"]
[Date "1997.??.??"]
[Round "5"]
[White "Nill, Jessica"]
[Black "Kouvatsou, Maria"]
[Result "0-1"]
[WhiteElo "2140"]
[BlackElo "2135"]

1.d4 Nf6 2.c4 g6 3.Nc3 Bg7 4.e4 d6 5.Nf3 O-O 6.Be2 e5 7.O-O Nc6 8.d5 Ne7
9.b4 Nh5 10.Re1 f5 11.Ng5 Nf6 12.Bf3 c6 13.Ba3 h6 14.Ne6 Bxe6 15.dxe6 fxe4
16.Nxe4 d5 17.cxd5 cxd5 18.Nxf6+ Bxf6 19.Rc1 Qd6 20.Qb3 Rad8 21.b5 Qxe6 22.Rc7 Rf7
23.Rxb7 Nf5 24.Rxf7 Qxf7 25.Bc5 e4 26.Bg4 Rc8 27.Qa3 Rc7 28.Rd1 Kh7 29.h3 Be5
30.Qb4 Ng7 31.a4 h5 32.Be2 Ne6 33.Be3 d4 34.Bd2 d3 35.Bxh5 Nd4 36.Bg4 Rc4
37.Qa3 Rc2 38.Be3 Nf5 39.Rf1 Qg7 40.Qb4 Nd6 41.Be6 Qe7 42.Bd5 Bc3 43.Qb3 Nf5
44.Bxa7 Nd4 45.Bxd4 Bxd4 46.Qb1 Qf6 47.Bxe4 Rxf2 48.Bxg6+ Kg7 49.Rxf2 Qxf2+
50.Kh1 d2  0-1

[Event "EU-ch U16"]
[Site "Tallinn"]
[Date "1997.??.??"]
[Round "7"]
[White "Kuemin, Simon"]
[Black "Pilaj, Herwig"]
[Result "1-0"]
[WhiteElo "2155"]
[BlackElo "2210"]

1.d4 Nf6 2.c4 g6 3.Nc3 Bg7 4.e4 d6 5.Nf3 O-O 6.Be2 e5 7.O-O Nc6 8.d5 Ne7
9.b4 Nh5 10.Re1 f5 11.Ng5 Nf4 12.Bxf4 exf4 13.Rc1 fxe4 14.Ncxe4 a5 15.bxa5 h6
16.Ne6 Bxe6 17.dxe6 Rxa5 18.Qb3 b6 19.Nc3 f3 20.Bxf3 Rxf3 21.gxf3 Rg5+ 22.Kh1 Be5
23.Ne4 Rh5 24.Ng3 Rh4 25.Re4 Nf5 26.c5 Kh7 27.e7 Qxe7 28.cxb6 cxb6 29.Qxb6 Qg5
30.Rc7+ Ng7 31.Rxh4 Qxh4 32.Kg2 h5 33.Qb7 Qf4 34.Qe4 Qf6 35.Rc2 h4 36.Ne2 Nf5
37.f4 h3+ 38.Kxh3 Qh4+ 39.Kg2 Qg4+ 40.Kh1  1-0

[Event "Tampere Elo Taraus op"]
[Site "Tampere"]
[Date "1997.??.??"]
[Round "2"]
[White "Norri, Joose"]
[Black "Agopov, Mikael"]
[Result "1-0"]
[WhiteElo "2430"]
[BlackElo "2305"]

1.d4 Nf6 2.c4 g6 3.Nc3 Bg7 4.e4 d6 5.Be2 O-O 6.Nf3 e5 7.O-O Nc6 8.d5 Ne7
9.b4 a5 10.Ba3 Nd7 11.bxa5 Rxa5 12.Bb4 Ra8 13.a4 f5 14.Ng5 Nc5 15.Bxc5 dxc5
16.Qb3 Ra6 17.Rfd1 Bf6 18.Ne6 Bxe6 19.dxe6 Qc8 20.Bf3 Rxe6 21.a5 Nc6 22.exf5 gxf5
23.Bd5 e4 24.Ra3 Be5 25.Bxe6+ Qxe6 26.Nd5 Kh8 27.a6 bxa6 28.Rxa6 Rg8 29.Qh3 Rg5
30.Qh4 Rg8 31.Qh5 Qg6 32.Qxg6 Rxg6 33.Ra8+ Rg8 34.Rxg8+ Kxg8 35.Rb1 Na5 36.Ne7+ Kf7
37.Nxf5 Nxc4 38.Rc1 Nd6 39.Rxc5 Ke6 40.Ne3 Ne8 41.Rc6+ Bd6 42.Nc4 Nf6 43.Nxd6 cxd6
44.Kf1 Ke5 45.Rc7 h5 46.Re7+ Kf5 47.Ra7 d5 48.Ke2 d4 49.Ra5+ Kf4 50.g3+ Kg4
51.h4 Kh3 52.Rf5 Ng4 53.Rxh5 Kg2 54.Rf5 d3+ 55.Ke1 Nh2 56.Rf4 Nf3+ 57.Kd1 Kxf2
58.Rxe4 Kxg3 59.Re3  1-0

[Event "Czerniak mem Bikurei Haitim"]
[Site "Tel Aviv"]
[Date "1997.??.??"]
[Round "2"]
[White "Gofshtein, Leonid D"]
[Black "David, Alberto"]
[Result "1-0"]
[WhiteElo "2530"]
[BlackElo "2455"]

1.d4 Nf6 2.c4 g6 3.Nc3 Bg7 4.e4 d6 5.Nf3 O-O 6.Be2 e5 7.O-O Nc6 8.d5 Ne7
9.b4 Nh5 10.Re1 Nf4 11.Bf1 a5 12.bxa5 Rxa5 13.a4 c5 14.Ra3 Ra6 15.Nb5 Bd7
16.Nd2 Nh5 17.g3 Nf6 18.Bb2 Nc8 19.Qc2 Bh6 20.Nf3 Ne8 21.Nh4 Ng7 22.Bd3 Bh3
23.Bc1 Bxc1 24.Qxc1 f5 25.exf5 g5 26.Nf3 h6 27.Nd2 Nxf5 28.Be2 g4 29.Ne4 Qd7
30.f3 gxf3 31.Bxf3 Qg7 32.Kh1 Bg4 33.Bg2 Bh5 34.Rf1 Rf7 35.Rf2 Nb6 36.Qf1 Bg6
37.g4 Nd4 38.Nf6+ Rxf6 39.Rxf6 Nxc4 40.Nxd4 Nxa3 41.Ne6 Bd3 42.Rf8+  1-0

[Event "DEN-chJ int"]
[Site "Tingkaerskolen"]
[Date "1997.??.??"]
[Round "1"]
[White "Gustafsson, Jan"]
[Black "Tonning, Erik"]
[Result "1-0"]
[WhiteElo "2355"]
[BlackElo "2185"]

1.d4 Nf6 2.c4 g6 3.Nc3 Bg7 4.e4 d6 5.Nf3 O-O 6.Be2 e5 7.O-O Nc6 8.dxe5 dxe5
9.Bg5 h6 10.Qxd8 Nxd8 11.Bxf6 Bxf6 12.Nd5 Bg7 13.Nxc7 Rb8 14.Nd5 Nc6 15.h3 Kh7
16.b4 f5 17.Bd3 f4 18.b5 Nd8 19.c5 Bd7 20.Rac1 Re8 21.Rfd1 Rc8 22.Bf1 Be6
23.Rd2 g5 24.Be2 Bf7 25.Nb4 Bg6 26.Bd3 Bf8 27.Rdc2 Kg7 28.a3 Re6 29.Bc4 Bxe4
30.Bxe6 Nxe6 31.Rc4 Bxf3 32.gxf3 Bxc5 33.Nd3 b6 34.Nxe5 Rd8 35.Nc6 Rd2 36.R4c2 Rd3
37.Rc3 Rd2 38.R1c2 Rd1+ 39.Kh2 Ra1 40.Re2 Kf6 41.Nxa7 Nd4 42.Rd2 Rb1 43.Rcd3 Nxb5
44.Nxb5 Rxb5 45.Kg2 Ra5 46.Rb2 Kg6 47.Rbb3 Kh5 48.Rb1 Kh4 49.Re1 Rxa3 50.Re6 h5
51.Rxa3 Bxa3 52.Rxb6 Bc5 53.Rh6 Ba7 54.Ra6 Bd4 55.Rd6 Ba7 56.Rd1 Bc5 57.Rh1 Ba7
58.Kf1 Bb6 59.Ke2 Bc5 60.Rh2 Be7 61.Kd3 Bd8 62.Ke4 Be7 63.Kf5 Bd8 64.Rh1 Be7
65.Kg6 Bd8 66.Rd1 Be7 67.Rd7 Bc5 68.Rd5 Be7 69.Kf7 Kxh3 70.Kxe7 Kg2 71.Kf6 g4
72.fxg4 hxg4 73.Kg5 g3 74.fxg3 fxg3 75.Kf4  1-0

[Event "SVK-ch U18"]
[Site "Topolcianky"]
[Date "1997.??.??"]
[Round "2"]
[White "Hrivnak, Martin"]
[Black "Durik, Peter"]
[Result "1-0"]
[WhiteElo "2155"]
[BlackElo "2175"]

1.Nf3 Nf6 2.c4 g6 3.Nc3 Bg7 4.e4 d6 5.d4 O-O 6.Be2 e5 7.O-O Nc6 8.d5 Ne7
9.Ne1 Nd7 10.Be3 f5 11.f3 f4 12.Bf2 g5 13.Rc1 Ng6 14.Nb5 b6 15.b4 a6 16.Nc3 h5
17.Nd3 Nf6 18.c5 g4 19.cxb6 cxb6 20.Na4 Rb8 21.b5 axb5 22.Nb4 g3 23.hxg3 fxg3
24.Bxg3 Nh7 25.Qd2 h4 26.Nc6 Qf6 27.Bh2 Rb7 28.Bxb5 Ng5 29.Rc3 Bh6 30.Qf2 Rg7
31.Nxb6 Nf4 32.Kh1 Nxg2 33.Nxc8 Nxe4 34.fxe4 Qxf2 35.Rxf2 Rxf2 36.N6e7+ Kh8
37.Nf5 Rg6 38.Ncxd6 Bf4 39.Rc8+ Rg8 40.Nf7+ Kh7 41.Rxg8 Kxg8 42.Bxf4 Nxf4
43.Nxe5 Rxa2 44.Nxh4 Nh3 45.Ng4 Ng5 46.e5 Rb2 47.Bc6 Kf7 48.Bd7 Ke7 49.e6 Kd6
50.Ne3 Re2 51.Nhf5+ Kc7 52.Bb5 Re1+ 53.Kg2  1-0

[Event "Nordic Grand Prix"]
[Site "Torshavn"]
[Date "1997.??.??"]
[Round "3"]
[White "Hillarp Persson, Tiger"]
[Black "Hansen, Chr Jens"]
[Result "1/2-1/2"]
[WhiteElo "2475"]
[BlackElo "2220"]

1.d4 Nf6 2.c4 g6 3.Nc3 Bg7 4.e4 d6 5.Be2 O-O 6.Nf3 e5 7.O-O Nc6 8.d5 Ne7
9.Ne1 Ne8 10.f4 f5 11.fxe5 dxe5 12.Nf3 Nd6 13.Ng5 Nxe4 14.Ncxe4 fxe4 15.g4 h6
16.Nxe4 g5 17.Bd3 Rxf1+ 18.Kxf1 Ng6 19.Ng3 Nf4 20.Bf5 Qf8 21.Be3 h5 22.Kg1 Bxf5
23.Nxf5 Qf6 24.Nxg7 Kxg7 25.Qf3 Rf8 26.Kh1 h4 27.Bd2 Qg6 28.Qe3 Kh7 29.Bc3  1/2-1/2

[Event "Nordic Grand Prix"]
[Site "Torshavn"]
[Date "1997.??.??"]
[Round "4"]
[White "Tisdall, Jonathan D"]
[Black "Borge, Nikolaj"]
[Result "1-0"]
[WhiteElo "2490"]
[BlackElo "2405"]

1.Nf3 Nf6 2.c4 d6 3.d4 g6 4.Nc3 Bg7 5.e4 O-O 6.Be2 e5 7.O-O Nc6 8.d5 Ne7
9.b4 Nh5 10.Re1 Nf4 11.Bf1 a5 12.bxa5 Rxa5 13.Nd2 c5 14.Rb1 f5 15.f3 Ra6
16.a4 g5 17.Nb5 g4 18.fxg4 fxg4 19.Nb3 Neg6 20.Be3 Rf7 21.g3 h5 22.Rb2 h4
23.Rf2 Nh5 24.Rxf7 Kxf7 25.Bf2 Bh6 26.Be2 Nf6 27.Bd3 hxg3 28.hxg3 Kg7 29.Kg2 Nh8
30.a5 Nf7 31.Rh1 Bd7 32.Qe2 Bc8 33.Be3 Bxe3 34.Qxe3 Bd7 35.Rf1 Ra8 36.Nxd6 Nxd6
37.Qg5+ Kf7 38.Qxe5 Ne8 39.Qg5 Ba4 40.e5 Bxb3 41.exf6  1-0

[Event "Toscolano op"]
[Site "Toscolano"]
[Date "1997.??.??"]
[Round "?"]
[White "Arlandi, Ennio"]
[Black "Samaritani, Fabio"]
[Result "1-0"]
[WhiteElo "2470"]
[BlackElo "2220"]

1.d4 Nf6 2.c4 g6 3.Nc3 Bg7 4.e4 d6 5.Nf3 O-O 6.Be2 e5 7.O-O Nc6 8.d5 Ne7
9.Nd2 a5 10.a3 Bd7 11.b3 Ne8 12.Rb1 f5 13.b4 axb4 14.axb4 Nf6 15.f3 g5 16.c5 Ng6
17.Nc4 Nf4 18.Kh1 fxe4 19.fxe4 Qe7 20.Be3 h5 21.cxd6 cxd6 22.Nb6 Ng4 23.Bg1 Nxe2
24.Qxe2 Rxf1 25.Rxf1 Rf8 26.Rxf8+ Bxf8 27.Nxd7 Qxd7 28.Qd2 Bh6 29.h3 Nf6
30.Be3 Qg7 31.h4 Nh7 32.Ne2 Qf6 33.Qc1 Kf7 34.Kg1 Kg6 35.b5 Qf8 36.Ng3 gxh4
37.Bxh6 Qxh6 38.Qxh6+ Kxh6 39.Nf5+ Kg6 40.Nxd6 Ng5 41.Nxb7 Nxe4 42.d6 Nf6
43.Nc5  1-0

[Event "ROM-chT"]
[Site "Tusnad"]
[Date "1997.??.??"]
[Round "?"]
[White "Kocsis, Levente"]
[Black "Nevednichy, Vladislav"]
[Result "0-1"]
[WhiteElo "2330"]
[BlackElo "2535"]

1.c4 g6 2.Nf3 Bg7 3.d4 d6 4.e4 Nf6 5.Nc3 O-O 6.Be2 e5 7.O-O Nc6 8.d5 Ne7
9.Ne1 Nd7 10.Nd3 f5 11.Bd2 fxe4 12.Nxe4 Nf5 13.Bg4 b6 14.Rc1 a5 15.a3 Nf6
16.Bg5 a4 17.Re1 Bd7 18.f4 exf4 19.Nxf4 Nxg4 20.Bxd8 Nfe3 21.Qd3 Raxd8 22.Ne6 Bxe6
23.dxe6 Nf5 24.h3 Ne5 25.Qd1 Rde8 26.Kh1 h6 27.g4 Nh4 28.Qd5 Rf3 29.Rc3 Rf4
30.Rce3 Kh7 31.Nd2 Rf6 32.Rxe5 dxe5 33.Rxe5 Rf2 34.Re3 Re7 35.Qd8 Bf6 36.Ne4 Rf1+
37.Kh2 Be5+ 38.Rg3 Rg7 39.e7 Rgf7 40.e8=Q Nf3+ 41.Kg2 Ne1+ 42.Kh2 Bxg3+  0-1

[Event "Ubeda op"]
[Site "Ubeda"]
[Date "1997.??.??"]
[Round "6"]
[White "Rausis, Igors"]
[Black "Volke, Karsten"]
[Result "0-1"]
[WhiteElo "2470"]
[BlackElo "2465"]

1.d4 Nf6 2.Nf3 d6 3.c4 g6 4.Nc3 Bg7 5.e4 O-O 6.Be2 e5 7.O-O Nc6 8.dxe5 dxe5
9.Bg5 Qxd1 10.Rfxd1 Bg4 11.Rd3 Bxf3 12.Bxf3 Nd4 13.Nb5 c5 14.Nxd4 cxd4 15.Rb3 b6
16.Rb5 Nd7 17.b4 Rac8 18.Rc1 h6 19.Bd2 f5 20.exf5 gxf5 21.Bd5+ Kh8 22.Be6 Rc7
23.Re1 Nb8 24.a4 Re7 25.Bd5 Na6 26.g4 fxg4 27.Re4 Rf3 28.a5 Nc7 29.axb6 Nxb5
30.b7 Rxb7 31.Rxg4 Rd3 32.cxb5 Rc7  0-1

[Event "JUG Cup"]
[Site "Ulcinj"]
[Date "1997.??.??"]
[Round "?"]
[White "Nikcevic, Nebojsa"]
[Black "Simonovic, Aleksandar"]
[Result "0-1"]
[WhiteElo "2540"]
[BlackElo "2410"]

1.Nf3 Nf6 2.c4 g6 3.Nc3 Bg7 4.e4 d6 5.d4 O-O 6.Be2 e5 7.O-O Nc6 8.d5 Ne7
9.b4 Nh5 10.Re1 Nf4 11.Bf1 h6 12.Nd2 f5 13.c5 Kh8 14.f3 fxe4 15.fxe4 Ng8
16.Nc4 Nf6 17.Qc2 a5 18.bxa5 Ng4 19.g3 Nh5 20.Be3 Nxe3 21.Rxe3 dxc5 22.Bg2 Ra6
23.Rf1 Raf6 24.Ref3 Rxf3 25.Rxf3 Nf6 26.Rf1 Qe7 27.a4 h5 28.Qd2 Ne8 29.Rxf8+ Bxf8
30.Qf2 Nd6 31.Nxe5 Kh7 32.Nf3 Bg7 33.Qxc5 Bg4 34.h4 Bxf3 35.Bxf3 Qf6 36.Bxh5 Qxc3
37.Qxc3 Bxc3 38.Bf3 Nf7 39.h5 Ng5 40.hxg6+ Kxg6 41.Bg2 Nf7 42.Kh2 Bxa5 43.Kh3 Kf6
44.Kg4 Ke5 45.Kh5 Bd2 46.g4 b6 47.Kg6 Ng5 48.Kg7 Nxe4 49.Kf7 Nf6 50.Ke7 Nxd5+
51.Kd7 c5 52.Kc6 Ne3 53.Kxb6 c4  0-1

[Event "Clarin GP op"]
[Site "Villa Martelli"]
[Date "1997.??.??"]
[Round "3"]
[White "Vescovi, Giovanni"]
[Black "Spata, Rafael"]
[Result "1-0"]
[WhiteElo "2480"]
[BlackElo "2110"]

1.d4 Nf6 2.c4 g6 3.Nc3 Bg7 4.e4 d6 5.Be2 O-O 6.Nf3 e5 7.O-O Nc6 8.d5 Ne7
9.Ne1 Ne8 10.Be3 f5 11.f3 f4 12.Bf2 g5 13.c5 h5 14.Rc1 Kh8 15.cxd6 cxd6 16.Nb5 a6
17.Nc7 Nxc7 18.Bb6 Ng8 19.Bxc7 Qf6 20.Qa4 Nh6 21.Bb5 g4 22.Bd7 g3 23.Bxc8 Raxc8
24.Qd7 Nf7 25.Nd3 gxh2+ 26.Kh1 Rg8 27.Bb6 Rcf8 28.Qxb7 Qg6 29.Qd7 Bf6 30.Rc2 h4
31.Qf5 Qxf5 32.exf5 Nh6 33.Kxh2 Nxf5 34.Nf2 Ne7 35.Rd1 Rc8 36.Bc7 Nf5 37.Ne4 Bd8
38.Rdc1 Ne3 39.Nxd6 Rxc7 40.Rxc7 Bxc7 41.Nf7+ Kh7 42.Rxc7 Rxg2+ 43.Kh1 Rd2
44.d6 Nd5 45.Rb7 Nf6 46.Nxe5+ Kh6 47.d7 Nxd7 48.Nxd7 Rd3 49.Ne5 Re3 50.Ng4+  1-0

[Event "Villa Martelli"]
[Site "Villa Martelli"]
[Date "1997.??.??"]
[Round "3"]
[White "Sorokin, Maxim"]
[Black "Sutovskij, Emil"]
[Result "0-1"]
[WhiteElo "2560"]
[BlackElo "2560"]

1.d4 Nf6 2.c4 g6 3.Nc3 Bg7 4.e4 d6 5.Be2 O-O 6.Nf3 e5 7.O-O Nc6 8.d5 Ne7
9.b4 Nh5 10.Re1 Nf4 11.Bf1 a5 12.Ba3 Bg4 13.bxa5 f5 14.c5 Rxa5 15.Bb4 Ra8
16.a4 Kh8 17.Ra3 dxc5 18.Bxc5 b6 19.Bxe7 Qxe7 20.Nb5 Rad8 21.Qc2 fxe4 22.Qxe4 Rxd5
23.Rc3 c6 24.Nbd4 Qb4 25.Rc4 Qd6 26.Nxc6 Nh3+ 27.gxh3 Bxf3 28.Qe3 e4 29.Bg2 Rd3
30.Qxb6 Bxg2 31.Kxg2 Bd4 32.Qxd4+ Rxd4 33.Nxd4 Qd5 34.Rec1 Kg7 35.Kg1 Kh6
36.R1c3 e3 37.f3 Rf4  0-1

[Event "Villalba op"]
[Site "Villalba"]
[Date "1997.??.??"]
[Round "4"]
[White "Pogorelov, Ruslan"]
[Black "Hernando, J."]
[Result "1-0"]
[WhiteElo "2440"]
[BlackElo "2280"]

1.Nf3 Nf6 2.c4 g6 3.Nc3 Bg7 4.e4 d6 5.d4 O-O 6.Be2 e5 7.O-O Nc6 8.d5 Ne7
9.Ne1 Nd7 10.Be3 f5 11.f3 f4 12.Bf2 h5 13.a4 g5 14.a5 Bh6 15.Nb5 a6 16.Na7 Kf7
17.Nxc8 Nxc8 18.b4 Rg8 19.c5 Nf6 20.c6 bxc6 21.dxc6 Rg6 22.Bc4+ Kf8 23.Qd3 g4
24.Bh4 Bg5 25.Bxg5 Rxg5 26.Bxa6 h4 27.fxg4 Nxg4 28.Bb7 Ra7 29.Nc2 Ke7 30.Qh3 Qg8
31.b5 Qc4 32.Bxc8 Qxc2 33.Bxg4 Ra8 34.Qxh4 Rg8 35.h3 Qc5+ 36.Qf2 Qxb5 37.Qa7 Qxc6
38.Rfc1 Qxe4 39.Qxc7+ Kf6 40.Qxd6+  1-0

[Event "Villalba op"]
[Site "Villalba"]
[Date "1997.??.??"]
[Round "4"]
[White "Alvarez Abejon, A."]
[Black "Martinez Martin, David"]
[Result "0-1"]
[WhiteElo "2145"]
[BlackElo "2180"]

1.d4 Nf6 2.c4 g6 3.Nc3 Bg7 4.e4 d6 5.Nf3 O-O 6.Be2 e5 7.O-O Nc6 8.d5 Ne7
9.b4 Nh5 10.Re1 Nf4 11.Bf1 Bg4 12.h3 Bxf3 13.Qxf3 f5 14.Qd1 Qd7 15.Qa4 Qxa4
16.Nxa4 fxe4 17.Nc3 Nd3 18.Bxd3 exd3 19.Ne4 b5 20.Bg5 Nf5 21.cxb5 Nd4 22.Red1 Rfb8
23.a4 a6 24.Rxd3 Bf8 25.Kf1 axb5 26.a5 Rc8 27.Rc1 h6 28.Be3 c5 29.dxc6 Rxc6
30.Rxc6 Nxc6 31.Nxd6 Nxb4 32.Rd2 Rxa5 33.Ne4 Kf7 34.Rd7+ Ke6 35.Rd8 Be7 36.Re8 g5
37.Rxe7+ Kxe7 38.Bc5+ Kf7 39.Bxb4 Ra4 40.Nd6+ Ke6 41.Nxb5 Rxb4 42.Nc3 Rb2
43.Nd1 Ra2 44.Ne3 e4 45.Ke1 Ke5 46.Ng4+ Kd4 47.Kf1 h5 48.Nf6 h4 49.Ng4 Kd3
50.Ne5+ Kd2 51.Nc4+ Kc3 52.Ne5 Ra5 53.Nf7 Kd3 54.Kg1 Ke2 55.Nd6 Ra4 56.Nf7 Ra1+  0-1

[Event "Mikenas mem op"]
[Site "Vilnius"]
[Date "1997.??.??"]
[Round "3"]
[White "Krasenkow, Michal"]
[Black "Fedorov, Alexei"]
[Result "1-0"]
[WhiteElo "2615"]
[BlackElo "2580"]

1.Nf3 Nf6 2.d4 g6 3.c4 Bg7 4.Nc3 O-O 5.e4 d6 6.Be2 e5 7.O-O Nc6 8.d5 Ne7
9.b4 Nh5 10.Re1 Nf4 11.Bf1 a5 12.bxa5 Rxa5 13.a4 c5 14.Nb5 Ra6 15.Ra3 h6
16.Nd2 g5 17.g3 Nfg6 18.Be2 f5 19.exf5 Nxf5 20.Bh5 Nge7 21.Bg4 e4 22.Rxe4 Ng6
23.Nf3 Ne5 24.Nxe5 Bxe5 25.f4 Bg7 26.fxg5 hxg5 27.Rf3 Nd4 28.Rxf8+ Qxf8 29.Bxc8 Qxc8
30.Qh5 Qf5 31.Re8+ Bf8 32.Nxd4 cxd4 33.g4 Qf7 34.Qxg5+ Kh7 35.Qd8  1-0

[Event "Vitinia op"]
[Site "Vitinia"]
[Date "1997.??.??"]
[Round "5"]
[White "Passerotti, Pierluigi"]
[Black "Corvi, Marco"]
[Result "0-1"]
[WhiteElo "2300"]
[BlackElo "2235"]

1.d4 Nf6 2.Nf3 g6 3.c4 Bg7 4.Nc3 d6 5.e4 O-O 6.Be2 e5 7.O-O Nc6 8.d5 Ne7
9.b4 Nd7 10.a4 a5 11.bxa5 Nc5 12.Ne1 f5 13.f3 Rxa5 14.Nd3 Nxd3 15.Bxd3 f4
16.Bd2 g5 17.Qb3 Ng6 18.Nb5 Ra6 19.c5 g4 20.Nc3 g3 21.h3 Qh4 22.Be1 Bxh3
23.gxh3 Qxh3 24.Ra2 Nh4 25.Qxb7 Bf6 26.Bxa6 g2 27.Qb2 Nxf3+ 28.Rxf3 Qh1+
29.Kf2 g1=Q+ 30.Ke2 Qxe1+ 31.Kd3 Qxf3+  0-1

[Event "Volgograd"]
[Site "Volgograd"]
[Date "1997.??.??"]
[Round "3"]
[White "Vershinin, Mikhail"]
[Black "Bets, Anatolij"]
[Result "1/2-1/2"]
[WhiteElo "2405"]
[BlackElo "2340"]

1.d4 Nf6 2.c4 g6 3.Nc3 Bg7 4.e4 d6 5.Nf3 O-O 6.Be2 e5 7.O-O Nc6 8.d5 Ne7
9.Ne1 Nd7 10.Be3 f5 11.f3 f4 12.Bf2 g5 13.a4 a5 14.Nd3 b6 15.b4 axb4 16.Nxb4 Nf6
17.Ra3 Bd7 18.Nb5 g4 19.fxg4 Nxe4 20.Bd3 Nf6 21.h3 Be8 22.Qc2 Bg6  1/2-1/2

[Event "Volgograd"]
[Site "Volgograd"]
[Date "1997.??.??"]
[Round "9"]
[White "Shtyrenkov, Veniamen"]
[Black "Nosov, Andrey"]
[Result "1/2-1/2"]
[WhiteElo "2455"]
[BlackElo "2345"]

1.Nf3 Nf6 2.c4 g6 3.Nc3 Bg7 4.e4 d6 5.d4 O-O 6.Be2 e5 7.O-O Nc6 8.d5 Ne7
9.Ne1 Nd7 10.g4 Kh8 11.Be3 f5 12.f3 Ng8 13.Qd2 f4 14.Bf2 Bf6 15.Nd3 Bh4 16.Bxh4 Qxh4
17.Qe1 Qe7 18.h4 Rf7 19.Kg2 Ndf6 20.Rh1 Bd7 21.Qd2 Raf8 22.Raf1 Qd8 23.Bd1 Qe8
24.Nf2 Kg7 25.Rfg1 a6 26.Ba4 Ne7 27.Bxd7 Qxd7 28.a3 Rc8 29.Rd1 Rff8 30.b3 Rfd8
31.Qb2 Kg8 32.Na4 b5 33.cxb5 axb5 34.Nc3 c5 35.dxc6 Qxc6 36.Rc1 Qb7 37.Ne2 Nc6
38.Nc3 Nd4 39.Ne2 Nxe2 40.Qxe2 Nd7 41.Rxc8 Rxc8 42.Qd2 Qc6 43.g5 h5 44.Rd1 Nc5
45.Rc1 Rd8 46.Qd1 Qd7 47.Qd5+ Kf8 48.Rc3 Ke7 49.Rxc5 dxc5 50.Qxe5+ Qe6 51.Qxc5+ Kf7
52.Qxb5 Rd2 53.Qb8 Qd6 54.Qxd6 Rxd6 55.Nh3 Rd2+ 56.Kf1 Rd3 57.Ke2 Rxb3 58.Nxf4 Rxa3
59.Nd3 Ra2+ 60.Ke3 Rh2 61.Ne5+ Kg7 62.f4 Rxh4 63.f5 gxf5 64.exf5 Ra4 65.f6+ Kh7
66.g6+ Kh6 67.g7 Ra8 68.Nc6 Kg6  1/2-1/2

[Event "Zagorovsky mem op"]
[Site "Voronezh"]
[Date "1997.??.??"]
[Round "?"]
[White "Kopjonkin, Gennady"]
[Black "Petkevich, Jusefs"]
[Result "1/2-1/2"]
[WhiteElo "2355"]
[BlackElo "2455"]

1.d4 Nf6 2.c4 g6 3.Nc3 Bg7 4.e4 d6 5.Nf3 O-O 6.Be2 e5 7.O-O Nc6 8.d5 Ne7
9.b4 a5 10.bxa5 Rxa5 11.Nd2 Nd7 12.Nb3 Ra8 13.a4 f5 14.f3 Kh8 15.Be3 Ng8
16.Qd2 Ndf6 17.c5 fxe4 18.fxe4 Ng4 19.Bxg4 Bxg4 20.Rxf8 Bxf8 21.a5 Bd7 22.Rf1 Be7
23.h3 Qe8 24.Kh2 h5 25.Rf3 Kg7 26.Rf1 Bb5 27.Rb1 Ba6 28.Rc1 Nf6 29.Qc2 h4
30.Nd2 Nh5 31.Nf3 Ng3 32.Bf2 Nf1+ 33.Kg1 Ng3 34.Kh2 Nf1+ 35.Kg1 Ng3  1/2-1/2

[Event "Zagorovsky mem op"]
[Site "Voronezh"]
[Date "1997.??.??"]
[Round "?"]
[White "Tunik, Gennady"]
[Black "Guliev, Logman"]
[Result "1-0"]
[WhiteElo "2460"]
[BlackElo "2415"]

1.d4 Nf6 2.c4 g6 3.Nc3 Bg7 4.e4 d6 5.Nf3 O-O 6.Be2 e5 7.O-O Nc6 8.d5 Ne7
9.Ne1 Nd7 10.Be3 f5 11.f3 f4 12.Bf2 h5 13.Rc1 g5 14.c5 a6 15.Nd3 Rf7 16.b4 Bf8
17.a4 Nf6 18.cxd6 cxd6 19.a5 g4 20.Na4 gxf3 21.Bxf3 Bg4 22.Nb6 Rb8 23.Bh4 Nxe4
24.Bxg4 hxg4 25.Qxg4+ Bg7 26.Nd7 Ra8 27.Rfe1 Nd2 28.Nf6+ Kf8 29.Nh7+ Kg8
30.Ng5 Qe8 31.Nxf7 Qxf7 32.Bxe7  1-0

[Event "Wattens op"]
[Site "Wattens"]
[Date "1997.??.??"]
[Round "?"]
[White "Knoll, Hermann"]
[Black "Neumeier, Klaus"]
[Result "1/2-1/2"]
[WhiteElo "2245"]
[BlackElo "2250"]

1.d4 Nf6 2.Nf3 g6 3.c4 Bg7 4.Nc3 O-O 5.e4 d6 6.Be2 e5 7.O-O Nc6 8.d5 Ne7
9.b4 Nh5 10.Qb3 Nf4 11.Bxf4 exf4 12.c5 g5 13.Nxg5 Ng6 14.Nf3 Bg4 15.Rad1 Bxf3
16.Bxf3 Be5 17.Ne2 Kh8 18.Bg4 Rg8 19.f3 a5 20.cxd6 cxd6 21.b5 a4 22.Qd3 Qb6+
23.Kh1 Ra5 24.Rb1 Nh4 25.Bh3 Rg7 26.Rfd1 Qf2 27.Rf1 Qb6 28.Rfd1 Qf2  1/2-1/2

[Event "Wattens op"]
[Site "Wattens"]
[Date "1997.??.??"]
[Round "?"]
[White "Grab, Ratko"]
[Black "Hechenleitner, Rudolf"]
[Result "1-0"]
[WhiteElo "2040"]
[BlackElo "1605"]

1.d4 Nf6 2.c4 g6 3.Nc3 Bg7 4.e4 d6 5.Nf3 O-O 6.Be2 e5 7.O-O Nc6 8.d5 Ne7
9.b4 Nd7 10.a4 a5 11.bxa5 Rxa5 12.Ra3 f5 13.Ng5 Nc5 14.Be3 b6 15.Bxc5 bxc5
16.Ne6 Bxe6 17.dxe6 c6 18.Qb1 Qc8 19.Qb6 Ra6 20.Qb2 Qxe6 21.Qb7 Raa8 22.Qb1 Rfc8
23.a5 Rcb8 24.Qa2 Qd7 25.a6 Ra7 26.Rd1 h5 27.Qd2 Nc8 28.Qg5 Kh7 29.exf5 Qxf5
30.Qd8 Rb6 31.Rxd6 Nxd6 32.Qxb6 Qd7 33.Qb1 Nf5 34.Ne4 Qd4 35.Ng5+ Kg8 36.Qb8+  1-0

[Event "VAM Hoogeveen op"]
[Site "Wijk aan Zee"]
[Date "1997.??.??"]
[Round "2"]
[White "Bosboom, Manuel"]
[Black "Nijboer, Friso"]
[Result "0-1"]
[WhiteElo "2430"]
[BlackElo "2605"]

1.d4 Nf6 2.c4 g6 3.Nc3 Bg7 4.e4 d6 5.Nf3 O-O 6.Be2 e5 7.O-O Nc6 8.d5 Ne7
9.b4 Nh5 10.Re1 f5 11.Ng5 Nf6 12.f3 c6 13.Be3 Bh6 14.h4 cxd5 15.exd5 f4 16.Bf2 Bxg5
17.hxg5 Nh5 18.c5 Nf5 19.Ne4 Nfg3 20.Bc4 Nxe4 21.Rxe4 Bf5 22.Re1 Qxg5 23.cxd6 Bd7
24.Rc1 Ng3 25.Bb3 Qh4 26.Bxa7 Rf5 27.Rc7 Bb5 28.d7 Rg5 29.d8=Q+ Rxd8 30.d6+ Kh8  0-1

[Event "Wuerttemberg-ch"]
[Site "Willsbach"]
[Date "1997.??.??"]
[Round "1"]
[White "Berezovsky, Igor"]
[Black "Werner, Bernd Michael"]
[Result "1-0"]
[WhiteElo "2325"]
[BlackElo "2190"]

1.d4 Nf6 2.c4 g6 3.Nc3 Bg7 4.e4 d6 5.Nf3 O-O 6.Be2 e5 7.O-O Nc6 8.d5 Ne7
9.Ne1 Nd7 10.Be3 f5 11.f3 f4 12.Bf2 h5 13.Rc1 g5 14.b4 Nf6 15.c5 Ng6 16.cxd6 cxd6
17.Nb5 Rf7 18.Qc2 Ne8 19.Nxa7 Bd7 20.Bb5 g4 21.Bxd7 Rxd7 22.Kh1 g3 23.Bg1 gxh2
24.Bf2 Bf6 25.Nc6 bxc6 26.dxc6 Rh7 27.b5 Bh4 28.b6 Bxf2 29.Qb3+ Kh8 30.Rxf2 h4
31.Rfc2 h3 32.c7 Nxc7 33.bxc7 hxg2+ 34.Nxg2 Qc8 35.Qd5 Ra6 36.Qb3 Rg7 37.Qb8 Rg8
38.Qxc8 Rxc8 39.Rb1 Raa8 40.Rb6 Kg7 41.Rxd6 Ra7 42.Rd7+ Kh6 43.Rc6  1-0

[Event "Wuerttemberg-ch"]
[Site "Willsbach"]
[Date "1997.??.??"]
[Round "2"]
[White "Duppel, Matthias"]
[Black "Werner, Bernd Michael"]
[Result "1-0"]
[WhiteElo "2315"]
[BlackElo "2190"]

1.d4 Nf6 2.Nf3 g6 3.c4 Bg7 4.Nc3 d6 5.e4 O-O 6.Be2 e5 7.O-O Nc6 8.dxe5 dxe5
9.Bg5 Be6 10.Nd5 Nd4 11.Nxd4  1-0

[Event "Oberliga Wuert9697"]
[Site "Wuerttemberg"]
[Date "1997.??.??"]
[Round "?"]
[White "Kindl, Peter"]
[Black "Schmid, Wolfgang"]
[Result "1-0"]
[WhiteElo "2310"]
[BlackElo "2235"]

1.d4 d6 2.Nf3 g6 3.c4 Bg7 4.Nc3 Nf6 5.e4 O-O 6.Be2 e5 7.O-O Nc6 8.d5 Nb8
9.Ne1 Nbd7 10.Nd3 Nc5 11.Nxc5 dxc5 12.Bg5 h6 13.Be3 b6 14.a3 a5 15.Qd2 Kh7
16.f3 a4 17.Qd1 Bd7 18.d6 Ne8 19.dxc7 Nxc7 20.Bd3 Bc6 21.Bc2 Qxd1 22.Raxd1 Ne6
23.Rd6 Rfc8 24.Nd5 Bxd5 25.exd5 Nd4 26.Bd3 b5 27.Rd7 Kg8 28.cxb5 Rab8 29.Bc4 Nxb5
30.d6 Nd4 31.Bxf7+ Kh7 32.Rf2 Rd8 33.Ra7 Rxd6 34.Rxa4 Nf5 35.Bxc5 Rd1+ 36.Rf1 Rxf1+
37.Kxf1 Rxb2 38.Re4 Bf6 39.Bb4 Nd4 40.Bd5 Kg7 41.Bc3 Rb5 42.Ba2 g5 43.a4 Rc5
44.Bb4 Rc7 45.a5 Ra7 46.Bd5 Nf5 47.Re2 Rd7 48.Be4 Nd4 49.Ra2 Bd8 50.Bc5 Nb3
51.a6 Nxc5 52.a7 Rxa7 53.Rxa7+ Kf6 54.Rh7 Nxe4 55.fxe4 Kg6 56.Rd7 Bf6 57.g4 h5
58.gxh5+ Kxh5 59.Rd6 Bg7 60.Kg2 g4 61.Kg3 Bf8 62.Rf6  1-0